Southville International School and Colleges
Your cart is empty.
  • Cart
  • Lists
    Public lists Eva Luna New books Lux_list list_1
    Your lists Log in to create your own lists
  • Log in to your account
  • Your cookies
  • Search history
Southville International School and Colleges
  • Advanced search
  • Recent comments
  • Most popular
  • Libraries

Log in to your account

Log in with GOOGLE


If you do not have an external account, but do have a local account, you can still log in:

  1. Home
  2. MARC view: International human resource management :
Normal view MARC view ISBD view

International human resource management : (Record no. 23504)

[ view plain ]
MARC details
000 -LEADER
fixed length control field 00719nam a2200253 a 4500
005 - DATE AND TIME OF LATEST TRANSACTION
control field 20140311161032.0
008 - FIXED-LENGTH DATA ELEMENTS--GENERAL INFORMATION
fixed length control field 090715s19uu xx 00 eng d
020 ## - INTERNATIONAL STANDARD BOOK NUMBER
International Standard Book Number 9781847874931
050 ## - LIBRARY OF CONGRESS CALL NUMBER
Classification number HF 5549.5.E45
Item number In56 2009
100 ## - MAIN ENTRY--PERSONAL NAME
Personal name Budhwar, Pawan edited by.
245 ## - TITLE STATEMENT
Title International human resource management :
Remainder of title the MNE perspective. /
260 ## - PUBLICATION, DISTRIBUTION, ETC. (IMPRINT)
Place of publication, distribution, etc Los Angeles :
Name of publisher, distributor, etc Sage,
Date of publication, distribution, etc 2009.
300 ## - PHYSICAL DESCRIPTION
Extent 393 p. :
Other physical details ill. ;
Dimensions 25 cm.
521 ## - TARGET AUDIENCE NOTE
Target audience note
650 ## - SUBJECT ADDED ENTRY--TOPICAL TERM
Topical term or geographic name as entry element BSBA.
650 ## - SUBJECT ADDED ENTRY--TOPICAL TERM
Topical term or geographic name as entry element International business enterprises
General subdivision Personnel management.
700 ## - ADDED ENTRY--PERSONAL NAME
Personal name Randall, Schuler
700 ## - ADDED ENTRY--PERSONAL NAME
Personal name Sparrow, Paul
942 ## - ADDED ENTRY ELEMENTS (KOHA)
Koha item type Books
Source of classification or shelving scheme Library of Congress Classification
Call number prefix Foreign
Holdings
Withdrawn status Lost status Source of classification or shelving scheme Damaged status Home library Current library Shelving location Date acquired Source of acquisition Total Checkouts Full call number Barcode Date last seen Copy number Price effective from Koha item type
    Library of Congress Classification   College Library College Library General Circulation Section 01/16/2014 Donation   HF 5549.5.E45 .In56 2009 vol.1 C10361 05/15/2018 2 01/16/2014 Books
    Library of Congress Classification   College Library College Library General Circulation Section 01/16/2014 Donation   HF 5549.5.E45 .In56 2009 vol.3 C10362 05/15/2018 3 01/16/2014 Books
    Library of Congress Classification   College Library College Library General Circulation Section 01/16/2014 Donation   HF 5549.5.E45 .In56 2009 vol.4 C10363 05/15/2018 4 01/16/2014 Books

International human resource management :

APA

Budhwar P. e. b., Randall S. & Sparrow P. (2009). International human resource management. Los Angeles: Sage.

Chicago

Budhwar Pawan edited by, Randall Schuler and Sparrow Paul. 2009. International human resource management. Los Angeles: Sage.

Harvard

Budhwar P. e. b., Randall S. and Sparrow P. (2009). International human resource management. Los Angeles: Sage.

MLA

Budhwar Pawan edited by, Randall Schuler and Sparrow Paul. International human resource management. Los Angeles: Sage. 2009.

  • Place hold
  • Print
  • Cite
  • Add to your cart (remove)
  • Save record
    BIBTEX Dublin Core MARCXML MARC (non-Unicode/MARC-8) MARC (Unicode/UTF-8) MARC (Unicode/UTF-8, Standard) MODS (XML) RIS
  • More searches
    Search for this title in:
    Other Libraries (WorldCat) Other Databases (Google Scholar) Online Stores (Bookfinder.com) Open Library (openlibrary.org)

Exporting to Dublin Core...

SOUTHVILLE LIBRARY

Southville International School and Colleges Library

1281 Tropical Ave. Cor. Luxembourg St., BF Homes International, Las Pinas City

Tel. No. 8256374 / 252358 Loc. 117/146

Powered by Koha